000 00516nam a2200181Ia 4500
005 20250326124534.0
008 250326s9999 xx 000 0 und d
037 _aTextbook
040 _aFMSL
_beng
_cFMSL
041 _aeng
_2eng
084 _aX:8 K84;1
_qFMSL
100 _aPrice J L
_9132983
245 0 _aOrganizational effectiveness: inventory of propositions
_cPrice J L
260 _aUSA
_bUSA, Richard D Irwin
_c1968
300 _a212p
942 _cTB
_hX:8 K84;1
999 _c1274098
_d1274098